|
|
|
|
| LEADER |
01785nam a2200445 a 4500 |
| 001 |
EBC3019823 |
| 003 |
MiAaPQ |
| 005 |
20200520144314.0 |
| 006 |
m o d | |
| 007 |
cr cn||||||||| |
| 008 |
091222s2010 nyuab sb 001 0 eng d |
| 010 |
|
|
|z 2009050562
|
| 020 |
|
|
|z 9781608768790 (pbk.)
|
| 020 |
|
|
|z 1608768791
|
| 020 |
|
|
|a 9781613246214 (electronic bk.)
|
| 035 |
|
|
|a (MiAaPQ)EBC3019823
|
| 035 |
|
|
|a (Au-PeEL)EBL3019823
|
| 035 |
|
|
|a (CaPaEBR)ebr10671388
|
| 035 |
|
|
|a (OCoLC)759211514
|
| 040 |
|
|
|a MiAaPQ
|c MiAaPQ
|d MiAaPQ
|
| 043 |
|
|
|a nccr---
|
| 050 |
|
4 |
|a QL687.C8
|b F67 2010
|
| 082 |
0 |
4 |
|a 598.173097286
|2 22
|
| 245 |
0 |
0 |
|a Forested habitats and human-modified land-use effects on avian diversity
|h [electronic resource] /
|c Alvaro Redondo-Brenes and Florencia Montagnini, editor[s].
|
| 260 |
|
|
|a New York :
|b Nova Science Publishers,
|c c2010.
|
| 300 |
|
|
|a xii, 63 p. :
|b ill., col. map.
|
| 490 |
1 |
|
|a Birds - evolution, behavior and ecology
|
| 504 |
|
|
|a Includes bibliographical references and index.
|
| 533 |
|
|
|a Electronic reproduction. Ann Arbor, MI : ProQuest, 2015. Available via World Wide Web. Access may be limited to ProQuest affiliated libraries.
|
| 650 |
|
0 |
|a Forest birds
|x Effect of forest management on
|z Costa Rica.
|
| 650 |
|
0 |
|a Birds
|x Habitat
|x Conservation
|z Costa Rica.
|
| 650 |
|
0 |
|a Rain forest conservation
|z Costa Rica.
|
| 650 |
|
0 |
|a Land use
|x Environmental aspects
|z Costa Rica.
|
| 650 |
|
0 |
|a Bird surveys
|z Costa Rica.
|
| 655 |
|
4 |
|a Electronic books.
|
| 700 |
1 |
|
|a Redondo-Brenes, Alvaro.
|
| 700 |
1 |
|
|a Montagnini, Florencia,
|d 1950-
|
| 710 |
2 |
|
|a ProQuest (Firm)
|
| 830 |
|
0 |
|a Birds - evolution, behavior and ecology.
|
| 856 |
4 |
0 |
|u https://ebookcentral.proquest.com/lib/matrademy/detail.action?docID=3019823
|z Click to View
|